Szczegóły MARC21

System polskiego prawa podatkowego w praktyce : wybrane zagadnienia. T. 7, Źródła polskiego prawa podatkowego. Cz. 4, Podatki w dwudziestoleciu międzywojennym (1918-1939) /

003 -Nazwa inst., której nr kontr. jest w polu 001 [,]
    • @
    • Nazwa instytucji, której n kontrolny jest w polu 001
    • NUKAT
005 -DATA I CZAS OSTATNIEJ MODYFIKACJI [,]
    • @
    • pole kontrolne
    • 20241231103803.0
020 -Międzynarod. znormalizowany nr książki - ISBN [ , ]
    • a
    • Numer ISBN
    • 9788393471522 Find
040 -Instytucja sporządzająca opis [ , ]
    • a
    • Instytucja, która sporządziła opis (NP)
    • KR U/sid
    • c
    • Instytucja, która sporządziła rekord (NP)
    • KR U/sid
    • d
    • Instytucja, która zmodyfikowała rekord (P)
    • KR U/sid
041 -Język dokumentu [1, ]
    • a
    • Język tekstu (P)
    • polski
    • a
    • Język tekstu (P)
    • angielski
    • h
    • Język tekstu oryginalnego i/lub pośredniego (P)
    • rosyjski
    • h
    • Język tekstu oryginalnego i/lub pośredniego (P)
    • polski
942 -Rodzaj dokumentu [ , ]
    • c
    • Rodzaj dokumentu
    • Książka
100 -Hasło główne - nazwa osobowa [1, ]
    • a
    • Nazwa osobowa (NP)
    • Walkowski, Grzegorz Kazimierz
    • d
    • Daty biograficzne (NP)
    • (1965- ).
    • 9
    • KHW
    • 28423
245 -Strefa tytułu i oznaczenia odpowiedzialności [1,0]
    • a
    • Tytuł
    • System polskiego prawa podatkowego w praktyce : Find
    • b
    • Ciąg dalszy tytułu (NP)
    • wybrane zagadnienia. Find
    • n
    • Oznaczenie części (P)
    • T. 7,
    • p
    • Nazwa części (P)
    • Źródła polskiego prawa podatkowego.
    • n
    • Oznaczenie części (P)
    • Cz. 4,
    • p
    • Nazwa części (P)
    • Podatki w dwudziestoleciu międzywojennym (1918-1939) /
    • c
    • Pozostałe elementy strefy tytułu i oznaczenia odpowiedzialności (NP)
    • Grzegorz Kazimierz Walkowski.
246 -Wariant tytułu [3,0]
    • a
    • Tytuł (NP)
    • Źródła polskiego prawa podatkowego
246 -Wariant tytułu [3,0]
    • a
    • Tytuł (NP)
    • Podatki w dwudziestoleciu międzywojennym (1918-1939)
246 -Wariant tytułu [3,0]
    • a
    • Tytuł (NP)
    • System of Polish tax law in practice :
    • b
    • Ciąg dalszy tytułu (NP)
    • selected issues : case study.
    • n
    • Numer części
    • Vol. 7,
    • p
    • Nazwa części
    • Sources of Polish tax law.
    • n
    • Numer części
    • Pt. 4,
    • p
    • Nazwa części
    • Taxes in the interwar period (1918-1939)
260 -Strefa adresu wydawniczego [ , ]
    • a
    • Miejsce wydania (P)
    • Bydgoszcz :
    • b
    • Nazwa wydawcy (P)
    • Walkowski :
    • b
    • Nazwa wydawcy (P)
    • Inter-Artpol,
    • c
    • Data wydania (P)
    • 2013.
300 -Strefa opisu fizycznego [ , ]
    • a
    • Określenie formy książki i/lub objętość (NP)
    • 1235 s. ;
    • c
    • Format (NP)
    • 25 cm +
    • e
    • Oznaczenie dokumentu towarzyszącego (NP)
    • [2] k. tabl. luz.
336 -Typ zawartości [ , ]
    • a
    • Termin opisujący typ zawartości
    • Tekst
    • b
    • Kod określający zawartość
    • txt
    • 2
    • Źródło (terminu i kodu)
    • rdacontent
337 -Typ mediów [ , ]
    • a
    • Tryb odtwarzania
    • Bez urządzenia pośredniczącego
    • b
    • Kod typu mediów
    • n
    • 2
    • Źródło (terminu i kodu)
    • rdamedia
338 -Typ/rodzaj nośnika [ , ]
    • a
    • Hasło opisujące typ nośnika
    • Wolumin
    • b
    • Kod typu nośnika
    • nc
    • 2
    • Źródło (terminu i kodu)
    • rdacarrier
500 -Uwaga ogólna [ , ]
    • a
    • Uwaga ogólna (NP)
    • Nazwy tł. w cop.
504 -Uwaga dot. bibliogr. załącznikowej [ , ]
    • a
    • Uwaga dot. bibliografii załącznikowej
    • Bibliogr. s. 1046-1048. Indeksy.
546 -Uwaga dot. języka [ , ]
    • a
    • Uwaga dot. języka
    • Tekst częśc. tł. na jęz. ang., fragm. w jęz. ros. tł. na jęz. pol. / transl. from Rus. into Pol. Grzegorz Kazimierz Walkowski, transl. from Pol. into Eng. Marcelina Musielewicz and Grzegorz Kazimierz Walkowski.
080 -Uniwersalna Klasyfikacja Dziesiętna [ , ]
    • 2
    • Identyfikator wydania tablic
    • UDC-P058
    • 9
    • UKD
    • 3133
    • a
    • Symbol klasyfikacji
    • 336.221.24
    • b
    • Dopowiedzenie
    • Zasady i praktyka prawa podatkowego.
    • 4
    • UKD2
    • 7642
    • x
    • Poddział wspólny
    • (438)
    • c
    • Dopowiedzenie poddz. wspólnego
    • (Polska).
    • 4
    • UKD2
    • 12204
    • x
    • Poddział wspólny
    • "1918/1938"
    • c
    • Dopowiedzenie poddz. wspólnego
    • Od 1918 do 1938r.
    • 4
    • UKD2
    • 7644
    • x
    • Poddział wspólny
    • =111
    • c
    • Dopowiedzenie poddz. wspólnego
    • =Język angielski.
    • 4
    • UKD2
    • 7659
    • x
    • Poddział wspólny
    • =161.1
    • c
    • Dopowiedzenie poddz. wspólnego
    • =Język rosyjski.
    • 4
    • UKD2
    • 7660
    • x
    • Poddział wspólny
    • =162.1
    • c
    • Dopowiedzenie poddz. wspólnego
    • =Język polski.
650 -Hasło przedmiotowe [ ,7]
    • a
    • Hasło przedmiotowe
    • Podatek
    • z
    • Określnik geograficzny
    • Polska
    • x
    • Określnik rzeczowy
    • historia.
    • 2
    • Źródło terminu
    • kaba
    • 9
    • KHW
    • 373808
650 -Hasło przedmiotowe [ ,7]
    • a
    • Hasło przedmiotowe
    • Prawo podatkowe
    • z
    • Określnik geograficzny
    • Polska
    • x
    • Określnik rzeczowy
    • historia.
    • 2
    • Źródło terminu
    • kaba
    • 9
    • KHW
    • 373807
980 -Symbol UKD [ , ]
    • a
    • UKD
    • 336.221.24(438)"1918/1939"=111=161.1=162.1
700 -Hasło dodatkowe - nazwa osobowa [1, ]
    • a
    • Nazwa osobowa (NP)
    • Musielewicz, Marcelina. Find
    • e
    • Określenie rodzaju współpracy
    • Tł.
    • 9
    • KHW
    • 55685
920 -ISBN [ , ]
    • a
    • ISBN
    • 978-83-934715-2-2 Find
Numer inwentarzowy Obwoluta Sygnatura Status udost. Lokalizacja Data inwentaryzacji
SA.220351SA.220351BSA2013-06-11